<?xml version="1.0" encoding="UTF-8"?><?xml-stylesheet type="text/xsl" href="static/style.xsl"?><OAI-PMH xmlns="http://www.openarchives.org/OAI/2.0/" xmlns:xsi="http://www.w3.org/2001/XMLSchema-instance" xsi:schemaLocation="http://www.openarchives.org/OAI/2.0/ http://www.openarchives.org/OAI/2.0/OAI-PMH.xsd"><responseDate>2026-04-13T00:50:47Z</responseDate><request verb="GetRecord" identifier="oai:www.recercat.cat:2445/223050" metadataPrefix="marc">https://recercat.cat/oai/request</request><GetRecord><record><header><identifier>oai:recercat.cat:2445/223050</identifier><datestamp>2025-11-19T22:33:50Z</datestamp><setSpec>com_2072_1057</setSpec><setSpec>col_2072_478857</setSpec><setSpec>col_2072_478917</setSpec></header><metadata><record xmlns="http://www.loc.gov/MARC21/slim" xmlns:dcterms="http://purl.org/dc/terms/" xmlns:xsi="http://www.w3.org/2001/XMLSchema-instance" xmlns:doc="http://www.lyncode.com/xoai" xsi:schemaLocation="http://www.loc.gov/MARC21/slim http://www.loc.gov/standards/marcxml/schema/MARC21slim.xsd">
   <leader>00925njm 22002777a 4500</leader>
   <datafield ind2=" " ind1=" " tag="042">
      <subfield code="a">dc</subfield>
   </datafield>
   <datafield ind2=" " ind1=" " tag="720">
      <subfield code="a">Bernal Casasola, Darío</subfield>
      <subfield code="e">author</subfield>
   </datafield>
   <datafield ind2=" " ind1=" " tag="720">
      <subfield code="a">Díaz, José</subfield>
      <subfield code="e">author</subfield>
   </datafield>
   <datafield ind2=" " ind1=" " tag="720">
      <subfield code="a">Portillo Sotelo, José Luis</subfield>
      <subfield code="e">author</subfield>
   </datafield>
   <datafield ind2=" " ind1=" " tag="720">
      <subfield code="a">Fantuzzi, Leandro</subfield>
      <subfield code="e">author</subfield>
   </datafield>
   <datafield ind2=" " ind1=" " tag="720">
      <subfield code="a">Cantillo Duarte, Juan Jesús</subfield>
      <subfield code="e">author</subfield>
   </datafield>
   <datafield ind2=" " ind1=" " tag="720">
      <subfield code="a">Soriguer Escofet, Milagrosa</subfield>
      <subfield code="e">author</subfield>
   </datafield>
   <datafield ind2=" " ind1=" " tag="260">
      <subfield code="c">2025-09-08T18:08:51Z</subfield>
   </datafield>
   <datafield ind2=" " ind1=" " tag="260">
      <subfield code="c">2025-09-08T18:08:51Z</subfield>
   </datafield>
   <datafield ind2=" " ind1=" " tag="260">
      <subfield code="c">2022</subfield>
   </datafield>
   <datafield ind2=" " ind1=" " tag="260">
      <subfield code="c">2025-09-08T18:08:51Z</subfield>
   </datafield>
   <datafield ind2=" " ind1=" " tag="520">
      <subfield code="a">[spa] Recientemente se ha retomado el estudio de la villa maritima romana y de la problemática arqueológica del Cabo Trafalgar, el antiguo Promontorium Iunonis (Barbate, Cádiz), con el objetivo fundamental de caracterizar su piscina de acuicultura, única hasta la fecha en Baetica. Se presenta en este trabajo un avance de la campaña de marzo de 2021, que ha deparado múltiples novedades: nos centramos en el estudio del denominado Conchero Oriental, algunos de cuyos restos malacológicos quizás se correspondan con las especies engordadas en estas instalaciones: ostras (Ostrea edulis) y mejillones (Mytilus galloprovincialis). También se ha documentado en detalle el vivero, avanzando en su definición y en su posible carácter compartimentado (piscina loculata). Relevante ha sido también la identificación de piletas para la elaboración de garum y de salazones, lo que permite confirmar la convivencia de acuicultura y conservas piscícolas en este singular yacimiento de la costa del conventus Gaditanus.</subfield>
   </datafield>
   <datafield ind2=" " ind1=" " tag="520">
      <subfield code="a">[eng] The study of the Roman villa maritima and the archaeological site of Cape Trafalgar, the former Promontorium&#xd;
Iunonis (Barbate, Cadiz), has recently been taken up again, with the aim of characterizing its aquaculture pond,&#xd;
unique to date in Baetica. A preview of the March 2021 campaign is presented in this paper, which has produced&#xd;
multiple novelties: we focus on the study of the so-called Eastern Shell midden, some of whose malacological&#xd;
remains may correspond to the species farmed in these facilities: oysters (Ostrea edulis) and mussels (Mytilus&#xd;
galloprovincialis). The fish pond has also been documented in detail, making progress in its definition and its possible compartmentalized nature (so called piscina loculata). The identification of vats for the production of&#xd;
garum and salted fish has also been relevant, which allows confirming the coexistence of aquaculture and fish&#xd;
preserves manufacture in this unique site on the coast of the conventus Gaditanus.</subfield>
   </datafield>
   <datafield ind1="8" ind2=" " tag="024">
      <subfield code="a">http://hdl.handle.net/2445/223050</subfield>
   </datafield>
   <datafield tag="653" ind2=" " ind1=" ">
      <subfield code="a">Aqüicultura</subfield>
   </datafield>
   <datafield tag="653" ind2=" " ind1=" ">
      <subfield code="a">Mol·luscs</subfield>
   </datafield>
   <datafield tag="653" ind2=" " ind1=" ">
      <subfield code="a">Bètica (Província romana)</subfield>
   </datafield>
   <datafield tag="653" ind2=" " ind1=" ">
      <subfield code="a">Indústria conservera</subfield>
   </datafield>
   <datafield tag="653" ind2=" " ind1=" ">
      <subfield code="a">Imperi Romà, 30 aC-284 dC</subfield>
   </datafield>
   <datafield tag="653" ind2=" " ind1=" ">
      <subfield code="a">Garum</subfield>
   </datafield>
   <datafield tag="653" ind2=" " ind1=" ">
      <subfield code="a">Aquaculture</subfield>
   </datafield>
   <datafield tag="653" ind2=" " ind1=" ">
      <subfield code="a">Mollusks</subfield>
   </datafield>
   <datafield tag="653" ind2=" " ind1=" ">
      <subfield code="a">Bética (Roman province)</subfield>
   </datafield>
   <datafield tag="653" ind2=" " ind1=" ">
      <subfield code="a">Canned foods industry</subfield>
   </datafield>
   <datafield tag="653" ind2=" " ind1=" ">
      <subfield code="a">Roman Empire, 30 B.C.-284 A.D.</subfield>
   </datafield>
   <datafield tag="653" ind2=" " ind1=" ">
      <subfield code="a">Garum</subfield>
   </datafield>
   <datafield ind2="0" ind1="0" tag="245">
      <subfield code="a">Ostras, mejillones y la piscina loculata de la villa maritima del cabo Trafalgar (Barbate): nuevos desafíos</subfield>
   </datafield>
   <datafield ind2="0" ind1="0" tag="245">
      <subfield code="a">Oysters, mussels and the piscina loculata in the&#xd;
villa maritima of Cape Trafalgar (Barbate): new&#xd;
challenges</subfield>
   </datafield>
</record></metadata></record></GetRecord></OAI-PMH>